Central Library OPAC University of Rajshahi

Socio-religious outlook of Abul Fazl / (Record no. 25826)

MARC details
000 -LEADER
fixed length control field 00985cam a2200277 4500
001 - CONTROL NUMBER
control field 25826
003 - CONTROL NUMBER IDENTIFIER
rucl marc code BD-RjUL
005 - DATE AND TIME OF LATEST TRANSACTION
control field 20211209050932.0
008 - FIXED-LENGTH DATA ELEMENTS--GENERAL INFORMATION
fixed length control field 140319t1972 ii a b 000 0beng
020 ## - INTERNATIONAL STANDARD BOOK NUMBER
International Standard Book Number 0210405430
035 ## - SYSTEM CONTROL NUMBER
System control number (BD-RjUL)25896
040 ## - CATALOGING SOURCE
Original cataloging agency DLC
Transcribing agency DLC
Modifying agency DLC
-- BD-RjUL
Language of cataloging eng
041 0# - LANGUAGE CODE
Language code of text/sound track or separate title engper
082 00 - DEWEY DECIMAL CLASSIFICATION NUMBER
Classification number 954.0250924
Author mark and year NIS 1972
100 1# - MAIN ENTRY--PERSONAL NAME
Personal name Nizami, Azra
9 (RLIN) 79343
245 10 - TITLE STATEMENT
Title Socio-religious outlook of Abul Fazl /
Statement of responsibility, etc. Azra Nizami
260 ## - PUBLICATION, DISTRIBUTION, ETC. (IMPRINT)
Place of publication, distribution, etc. New Delhi :
Name of publisher, distributor, etc. Published for the] Centre of Advanced Study, Dept. of History, Aligarh Muslim University [by] Asia Pub. House,
Date of publication, distribution, etc. 1972.
300 ## - PHYSICAL DESCRIPTION
Pagination ix, 60 p. :
Illustrations illus. ;
Size 23 cm.
500 ## - GENERAL NOTE
General note Includes some selections in Persian.
504 ## - BIBLIOGRAPHY, ETC. NOTE
Bibliography, etc Bibliography: p. [51]-53.
600 00 - SUBJECT ADDED ENTRY--PERSONAL NAME
Personal name Abū al-Faz̤l ibn Mubārak,
Dates associated with a name 1551-1602
General subdivision Political and social views.
Personal name Abū al-Faz̤l ibn Mubārak,
Dates associated with a name 1551-1602
General subdivision Religion.
942 ## - ADDED ENTRY ELEMENTS (KOHA)
Source of classification or shelving scheme Dewey Decimal Classification
Koha item type Books
Holdings
Lost status Source of classification or shelving scheme Damaged status Not for loan Collection code Permanent Location Current Location Shelving location Date acquired Source of acquisition Total Checkouts Full call number Date last seen Copy number Koha item type
  Dewey Decimal Classification   Added to bundle Non-fiction Central Library, University of Rajshahi Central Library, University of Rajshahi Reading Room 25/06/1974 India Govt. gift   954.0250924 NIS 1972 19/03/2014 C-1 Books